Statistics for Super Smash Bros Ultimate characters by Number

Click here to take the quiz!

General Stats

  • This quiz has been taken 525 times
    (6 since last reset)
  • The average score is 61 of 83

Answer Stats

# Name % Correct
01Mario
100%
45Villager
100%
33Squirtle
100%
34Ivysaur
100%
35Charizard
100%
37Lucas
100%
41Lucario
100%
02Donkey Kong
100%
43Toon Link
100%
44Wolf
100%
56Robin
100%
24Mewtwo
100%
61Cloud
100%
65Ridley
100%
21εLucina
100%
13εDaisy
100%
04εDark Samus
100%
69Incineroar
100%
60εKen
100%
73Banjo & Kazooie
100%
75Byleth
100%
32Ike
100%
42R.O.B.
100%
23Ganondorf
100%
18Dr. Mario
100%
11Captain Falcon
100%
10Ness
100%
09Luigi
100%
08Pikachu
100%
13Peach
100%
14Bowser
100%
16Sheik
100%
17Zelda
100%
06Kirby
100%
07Fox
100%
12Jigglypuff
100%
04Samus
100%
20Falco
100%
03Link
100%
21Marth
100%
22Young Link
100%
19Pichu
100%
62Corrin
50%
63Bayonetta
50%
74Terry Bogard
50%
66Simon Belmont
50%
67King K Rool
50%
05Yoshi
50%
72Hero
50%
28εDark Pit
50%
71Joker
50%
70Piranha Plant
50%
66εRichter Belmont
50%
60Ryu
50%
68Isabelle
50%
25εChrom
50%
54Palutena
50%
58Bowser Jr.
50%
15Ice Climbers
50%
26Mr. Game & Watch
50%
27Meta Knight
50%
28Pit
50%
29Zero Suit Samus
50%
30Wario
50%
31Snake
50%
36Diddy Kong
50%
38Sonic
50%
39King Dedede
50%
40Olimar
50%
46Mega Man
50%
47Wii Fit Trainer
50%
49Little Mac
50%
50Greninja
50%
51Mii Brawler
50%
52Mii Swordfighter
50%
53Mii Gunner
50%
25Roy
50%
57Shulk
50%
76Min Min
50%
59Duck Hunt
0%
48Rosalina & Luma
0%
64Inkling
0%
55Pac-Man
0%

Score Distribution

Percentile by Number Answered

Percent of People with Each Score

Your Score History

You have not taken this quiz since the last reset